Statistics for Super Smash Bros. Ultimate - PGRU v3 JP

Click here to take the quiz!

General Stats

  • This quiz has been taken 18 times
  • The average score is 30 of 50

Answer Stats

RankCharacterCountryAnswer% Correct
Top 10Steve, KazuyaJapanacola
100%
Top 10RyuJapanAsimo
100%
Top 10BowserJapanHero
100%
Top 10Sonic, SephirothJapanKEN
100%
Top 10Pyra & Mythra, OlimarJapanShuton
100%
Top 10Pac-Man, KazuyaJapanTea
100%
Top 10YoshiJapanYoshidora
100%
Top 50HeroJapanAkakikusu
75%
Top 10NessJapanGackt
75%
Top 50Captain FalconJapanJogibu
75%
Top 10Sora, SheikJapanKameme
75%
Top 10Lucina, Min MinJapanProtoBanham
75%
Top 50Palutena, PikachuJapanAbadango
50%
Top 50Pokémon Trainer, WolfJapanAtelier
50%
Top 50Zero Suit SamusJapanChoco
50%
Top 50SnakeJapanDIO
50%
Top 50SheikJapanEim
50%
Top 50Diddy KongJapanEtsuji
50%
Top 50Roy, Donkey KongJapanHIKARU
50%
Top 50Wario, Captain FalconJapanHuto
50%
Top 50Wii Fit Trainer, Mii BrawlerJapanInjelly
50%
Top 50Villager, IsabelleJapankept
50%
Top 50Diddy KongJapanKojika Yoshio
50%
Top 50ShulkJapanKome
50%
Top 50SoraJapankomorikiri
50%
Top 50Greninja, SoraJapanLea
50%
Top 50Joker, Pyra & MythraJapanLuminous
50%
Top 50FalcoJapanMASA
50%
Top 50RidleyJapanmomon
50%
Top 50Ryu, KenJapanMunekin
50%
Top 50PichuJapanNietono
50%
Top 50Min MinJapanOmuatsu
50%
Top 50FoxJapanPaseriman
50%
Top 50Mega ManJapanRepo
50%
Top 50LinkJapanRido
50%
Top 50Byleth, SephirothJapanRizeasu
50%
Top 50Diddy KongJapanRyuoh
50%
Top 50InklingJapanShirayuki
50%
Top 50Snake, FoxJapanShogun
50%
Top 50Toon LinkJapanSigma
50%
Top 50R.O.B.Japansssr
50%
Top 50SheikJapanSylph
50%
Top 50Ken, RyuJapantakera
50%
Top 50SamusJapanToura
50%
Top 50Olimar, JokerJapanTsubotsubo
50%
Top 50DaisyJapanUmeki
50%
Top 50Luigi, RoyJapanYamanaction
50%
Top 50Dark Samus, SamusJapanYaura
50%
Top 50Cloud, SheikJapanYOC
50%
Top 50King DededeJapanZaki
50%

Score Distribution

Percentile by Number Answered

Percent of People with Each Score

Your Score History

You have not taken this quiz